000 00782nam a22002417a 4500
001 BR8800712
003 BR-BrBNA
005 20230928092835.0
007 ta
008 230509b bl.||||| |||| 00| 0 por d
040 _aBR-BrBNA
_bpor
_cBiblioteca Nacional de Agricultura
041 _a(Por)
072 _aE13
090 _ E13 BR8800712
110 1 _aCamara dos Deputados, Brasilia, DF (Brasil). Comissao de Agricultura e Politica Rural
_91316
111 1 _aSimposio sobre o Credito Rural e a Nova Republica
_cBrasilia, DF (Brazil)
_d19-22 Aug 1985
245 1 _aAnais do Simposio sobre o Credito Rural e a Nova Republica
260 3 _aBrasilia, DF (Brasil):
_c1986.
300 _a598 p.
650 _aCREDITO RURAL
909 _a202309
_bLucia
_c55
_dLucia Elande
942 _cBK
999 _c41508
_d41508